Etchers and etching (Record no. 2347)

MARC details
000 -CABECERA
campo de control de longitud fija 00776nam a2200229 a 4500
001 - NÚMERO DE CONTROL
campo de control BRCA_2607
005 - FECHA Y HORA DE LA ÚLTIMA TRANSACCIÓN
campo de control 20190320203903.0
008 - DATOS DE LONGITUD FIJA--INFORMACIÓN GENERAL
campo de control de longitud fija 281108s1926----nyua---###---#000-0#eng-u
050 #4 - SIGNATURA TOPOGRÁFICA DE LA BIBLIOTECA DEL CONGRESO
Número de clasificación NE2135
Número de documento/Ítem .P46 1941
100 1# - ENTRADA PRINCIPAL--NOMBRE DE PERSONA
Nombre de persona Pennell, Joseph
Fechas asociadas al nombre 1860-1926
9 (RLIN) 7438
245 10 - MENCIÓN DE TÍTULO
Título Etchers and etching
Resto del título chapters in the history of the art, together with technical explanations of modern artistic methods
Mención de responsabilidad, etc. by Joseph Pennell.
250 ## - MENCIÓN DE EDICIÓN
Mención de edición 4
260 ## - PUBLICACIÓN, DISTRIBUCIÓN, ETC.
Lugar de publicación, distribución, etc. New York
Nombre del editor, distribuidor, etc. McMillan
Fecha de publicación, distribución, etc. 1941
300 ## - DESCRIPCIÓN FÍSICA
Extensión 343 p.
Otras características físicas il.
Dimensiones 25 cm.
440 #0 - MENCIÓN DE SERIE/PUNTO DE ACCESO ADICIONAL--TÍTULO
Título The graphic arts series for artists, students, amateurs and collectors
Número de parte o sección de la obra 2
9 (RLIN) 7439
500 ## - NOTA GENERAL
Nota general Incluye índice analítico.
500 ## - NOTA GENERAL
Nota general A72
650 14 - PUNTO DE ACCESO ADICIONAL DE MATERIA--TÉRMINO DE MATERIA
Término de materia o nombre geográfico como elemento de entrada Aguafuertistas
9 (RLIN) 7440
650 14 - PUNTO DE ACCESO ADICIONAL DE MATERIA--TÉRMINO DE MATERIA
Término de materia o nombre geográfico como elemento de entrada Grabado al aguafuerte
9 (RLIN) 7441
902 ## - CATALOGADOR
Iniciales GFM
942 ## - ELEMENTOS DE PUNTO DE ACCESO ADICIONAL (KOHA)
Fuente del sistema de clasificación o colocación Library of Congress Classification
Tipo de ítem Koha Libros
Holdings
Estado de retiro Estado de pérdida Estado dañado No para préstamo Localización permanente Ubicación/localización actual Fecha de adquisición Número de inventario Total de préstamos Signatura topográfica completa Código de barras Fecha visto por última vez Precio válido a partir de Tipo de ítem Koha
El ejemplar forma parte de la colección y puede ser consultado según las políticas vigentes.       Biblioteca del Museo Franz Mayer (Rogerio Casas-Alatriste) Biblioteca del Museo Franz Mayer (Rogerio Casas-Alatriste) 28/11/2008 A72   NE2135 .P46 1941 (A72) 2604 22/03/2019 22/03/2019 Libros